00443 2200169 4500245005500000020002200055250001100077700002400088100002900112650002000141005001900161260002900180041001400209084000800223300003300231336000900264 aSeraung untuk Pu'icJessica Valentina AnantahText a978-623-118-681-2 aCet. 1 aEduard Chris Yonata aJessica Valentina Ananta aCeita Bergambar a20240902105509 aJakartabPusat perbukuan aIndonesia a741 aiv, 28 hlm., 21 × 29,7 cm : atext